[Event "DLM 2011"]
[Site "Xanten GER"]
[Date "2011.10.31"]
[Round "2"]
[White "Savchenko, Aleksij"]
[Black "Schulz, Jens"]
[Result "1/2-1/2"]
[Termination "normal"]
[Board "1.1"]
[WhiteElo "2251"]
[BlackElo "2186"]
[WhiteTeam "Nordrhein-Westfalen 1"]
[BlackTeam "Niedersachsen"]
[PlyCount "98"]
[WhiteFideId "24611727"]
[BlackFideId "24675687"]
[EventCountry "GER"]
[EventRounds "7"]
[EventType "team-swiss"]
[EventDate "2011.10.30"]

1. d4 d5 2. Nf3 Nf6 3. c4 c6 4. e3 e6 5. Bd3 Nbd7 6. O-O Bd6 7. Nbd2 O-O 8. e4
dxe4 9. Nxe4 Nxe4 10. Bxe4 h6 11. Bc2 Nf6 12. Be3 b6 13. a3 Bb7 14. b4 Rc8 15.
c5 Bb8 16. Qd3 Re8 17. h3 Qd5 18. Rfe1 Rcd8 19. Qf1 Bc7 20. Nd2 bxc5 21. Bb3
Qd6 22. Nf3 cxb4 23. axb4 Bb6 24. Qc4 Nd5 25. Bd2 Nc7 26. Re4 Qd5 27. Qd3 Qb5
28. Bc4 Qf5 29. Qe2 Nd5 30. Bd3 Qf6 31. Ne5 Qe7 32. Rg4 f5 33. Rg6 Bxd4 34. Re1
Bxe5 35. Qxe5 Qf7 36. Rg3 Qf6 37. Qxf6 Nxf6 38. Bc3 Kf7 39. Bc4 g6 40. Be5 Nd5
41. Ra3 a6 42. Rb1 Ra8 43. f4 Nf6 44. Rba1 Red8 45. Bxa6 Bxa6 46. Rxa6 Rd1+ 47.
Rxd1 Rxa6 48. Rd8 Rb6 49. Bd6 Ne4 1/2-1/2

[Event "DLM 2011"]
[Site "Xanten GER"]
[Date "2011.10.31"]
[Round "2"]
[White "Kyas, Philipp"]
[Black "Kahleys, Kevin"]
[Result "1-0"]
[Termination "normal"]
[Board "1.2"]
[WhiteElo "2100"]
[BlackElo "2157"]
[WhiteTeam "Niedersachsen"]
[BlackTeam "Nordrhein-Westfalen 1"]
[PlyCount "107"]
[WhiteFideId "24670936"]
[BlackFideId "24669601"]
[EventCountry "GER"]
[EventRounds "7"]
[EventType "team-swiss"]
[EventDate "2011.10.30"]

1. d4 d5 2. c4 c6 3. Nf3 Nf6 4. e3 e6 5. Nc3 Nbd7 6. Bd3 Bd6 7. O-O O-O 8. Qc2
e5 9. cxd5 cxd5 10. e4 dxe4 11. Nxe4 Nxe4 12. Bxe4 h6 13. Be3 exd4 14. Bxd4 Qa5
15. Rad1 Bc5 16. Bc3 Qb6 17. Bf5 Nf6 18. Bxf6 Qxf6 19. Bh7+ Kh8 20. Qxc5 Bg4
21. Be4 Qxb2 22. Rd2 Qf6 23. Rd6 Be6 24. Bxb7 Rab8 25. Ba6 Qe7 26. Rfd1 Rb6 27.
Qe5 f6 28. Nh4 fxe5 29. Ng6+ Kg8 30. Nxe7+ Kf7 31. Rxb6 axb6 32. Nc6 Bxa2 33.
Nxe5+ Ke6 34. Bc4+ Bxc4 35. Nxc4 b5 36. Na3 b4 37. Nc2 Rb8 38. Rb1 b3 39. Rxb3
Rc8 40. Re3+ Kf6 41. Re2 g5 42. f3 h5 43. Nd4 Rc4 44. Re6+ Kf7 45. Re4 Kf6 46.
Kf2 Ra4 47. Ne2 Ra2 48. h4 gxh4 49. Rxh4 Kg5 50. Re4 Ra5 51. Re5+ Kh4 52. g3+
Kh3 53. Rxa5 h4 54. Rh5 1-0

[Event "DLM 2011"]
[Site "Xanten GER"]
[Date "2011.10.31"]
[Round "2"]
[White "Tran, Duc Cuong"]
[Black "Schreiner, Till"]
[Result "1-0"]
[Termination "normal"]
[Board "1.3"]
[WhiteElo "2034"]
[BlackElo "2150"]
[WhiteTeam "Nordrhein-Westfalen 1"]
[BlackTeam "Niedersachsen"]
[PlyCount "103"]
[WhiteFideId "24689718"]
[BlackFideId "24675555"]
[EventCountry "GER"]
[EventRounds "7"]
[EventType "team-swiss"]
[EventDate "2011.10.30"]

1. Nf3 Nf6 2. d4 g6 3. g3 Bg7 4. Bg2 O-O 5. O-O d6 6. a4 a5 7. Nc3 Nbd7 8. e4
e5 9. h3 c6 10. Re1 Re8 11. Be3 Qc7 12. Qd2 exd4 13. Nxd4 Nc5 14. Bf4 Nh5 15.
Be3 Nf6 16. Bh6 Bd7 17. Bxg7 Kxg7 18. Rad1 Rad8 19. Kh2 Bc8 20. f3 h5 21. h4
Re7 22. Re2 Nfd7 23. Ndb5 Qb6 24. Nxd6 Kh7 25. Nc4 Qc7 26. Qd6 Qxd6 27. Rxd6
Rde8 28. Red2 Ne5 29. Nxe5 Rxe5 30. Rd8 Rxd8 31. Rxd8 Bd7 32. Kg1 Kg7 33. Kf2
Re7 34. f4 Bg4 35. Bf3 Ne6 36. Rd6 Nc5 37. b3 Rd7 38. Rxd7 Bxd7 39. Ke3 Kf6 40.
Be2 Ke7 41. Bc4 b6 42. Kd4 Bg4 43. Ne2 f5 44. e5 Ne4 45. Bd3 c5+ 46. Ke3 Bxe2
47. Bxe2 Ke6 48. Bf3 Nc3 49. Kd3 Nb1 50. c3 Na3 51. Bc6 Ke7 52. c4 1-0

[Event "DLM 2011"]
[Site "Xanten GER"]
[Date "2011.10.31"]
[Round "2"]
[White "Koop, Thorben"]
[Black "Schröder, Kevin"]
[Result "1/2-1/2"]
[Termination "normal"]
[Board "1.4"]
[WhiteElo "2098"]
[BlackElo "2042"]
[WhiteTeam "Niedersachsen"]
[BlackTeam "Nordrhein-Westfalen 1"]
[PlyCount "86"]
[WhiteFideId "24661619"]
[BlackFideId "12929840"]
[EventCountry "GER"]
[EventRounds "7"]
[EventType "team-swiss"]
[EventDate "2011.10.30"]

1. Nf3 Nf6 2. g3 g6 3. b3 Bg7 4. Bb2 O-O 5. Bg2 c5 6. O-O Nc6 7. c4 d5 8. cxd5
Nxd5 9. Bxg7 Kxg7 10. Qc2 b6 11. Nc3 Bb7 12. Nxd5 Qxd5 13. Qb2+ f6 14. d3 e5
15. Nd2 Qd7 16. Nc4 Nd4 17. Rac1 Bxg2 18. Kxg2 Qc6+ 19. f3 h5 20. Kf2 g5 21.
Ne3 g4 22. fxg4 hxg4 23. Nxg4 Qe6 24. Ne3 f5 25. Ng2 f4 26. gxf4 exf4 27. Qd2
f3 28. Qg5+ Kh7 29. Qh5+ Qh6 30. Qxh6+ Kxh6 31. exf3 Rxf3+ 32. Kg1 Ne2+ 33. Kh1
Rh3 34. Nf4 Nxc1 35. Nxh3 Nxa2 36. Nf2 Nb4 37. Kg2 Rd8 38. Rd1 Nd5 39. Ra1 Nf4+
40. Kf3 Nxd3 41. Ng4+ Kg5 42. Rxa7 Nc1 43. Rg7+ Kf5 1/2-1/2

[Event "DLM 2011"]
[Site "Xanten GER"]
[Date "2011.10.31"]
[Round "2"]
[White "Meyers, Mark"]
[Black "Kickert, Germaine Helene"]
[Result "1-0"]
[Termination "normal"]
[Board "1.5"]
[WhiteElo "1808"]
[BlackElo "1998"]
[WhiteTeam "Nordrhein-Westfalen 1"]
[BlackTeam "Niedersachsen"]
[PlyCount "89"]
[WhiteFideId "12927716"]
[BlackFideId "24614890"]
[EventCountry "GER"]
[EventRounds "7"]
[EventType "team-swiss"]
[EventDate "2011.10.30"]

1. Nf3 e6 2. c4 b6 3. g3 Bb7 4. Bg2 Nf6 5. Nc3 Be7 6. d4 Ne4 7. Qc2 f5 8. Nd2
Nd6 9. e4 fxe4 10. Ndxe4 Nxe4 11. Nxe4 Nc6 12. Be3 Bb4+ 13. Nc3 Qf6 14. O-O
Bxc3 15. Qxc3 Nd8 16. Bf4 Bxg2 17. Kxg2 Nc6 18. Rad1 Rc8 19. Be5 Qf7 20. d5
Nxe5 21. Qxe5 Qf6 22. Rfe1 O-O 23. Qxf6 Rxf6 24. dxe6 dxe6 25. Rd7 Rcf8 26. f4
R6f7 27. Red1 Rxd7 28. Rxd7 Rf7 29. Rd8+ Rf8 30. Rxf8+ Kxf8 31. Kf3 Ke7 32. Ke4
Kd6 33. b4 a6 34. Kd4 h5 35. h3 g6 36. a3 a5 37. b5 c6 38. a4 c5+ 39. Ke4 Ke7
40. Ke5 Kf7 41. Kd6 Kf6 42. Kc6 g5 43. fxg5+ Kxg5 44. Kxb6 e5 45. Kxc5 1-0

[Event "DLM 2011"]
[Site "Xanten GER"]
[Date "2011.10.31"]
[Round "2"]
[White "Rethmann, Kristin"]
[Black "Kuckling, Hannah"]
[Result "0-1"]
[Termination "normal"]
[Board "1.6"]
[WhiteElo "1820"]
[BlackElo "1782"]
[WhiteTeam "Niedersachsen"]
[BlackTeam "Nordrhein-Westfalen 1"]
[PlyCount "134"]
[WhiteFideId "24655805"]
[BlackFideId "24603660"]
[EventCountry "GER"]
[EventRounds "7"]
[EventType "team-swiss"]
[EventDate "2011.10.30"]

1. e4 c5 2. Nf3 e6 3. d4 cxd4 4. Nxd4 Nc6 5. Nc3 Qc7 6. Be3 a6 7. Qd2 b5 8. Bd3
Bb7 9. O-O Nf6 10. f3 Bd6 11. h3 O-O 12. a3 Rac8 13. f4 b4 14. axb4 Bxb4 15.
Nde2 Na5 16. Qd1 Nc4 17. Bxc4 Qxc4 18. Qd3 Nxe4 19. Nxe4 Qxe4 20. Qxe4 Bxe4 21.
Ra4 a5 22. c3 Bc2 23. Raa1 Bc5 24. Bxc5 Rxc5 25. Nd4 Be4 26. Rfc1 Rfc8 27. Ra3
h6 28. Kf2 Rc4 29. Nb3 Bd5 30. Nxa5 Rxf4+ 31. Kg3 Rf5 32. Rc2 Ra8 33. b4 Rf1
34. c4 Be4 35. Rd2 d5 36. c5 Rc1 37. Rb3 Rb8 38. Nc6 Rb7 39. Na5 Rb5 40. Kf2 e5
41. Rbb2 d4 42. Re2 f5 43. Nb3 Rc3 44. Nd2 Kf7 45. Nxe4 fxe4 46. Rxe4 Rcxc5 47.
Rbe2 Rd5 48. Rb2 Rd6 49. Ke2 Rc6 50. Kd2 Kf6 51. Re1 Rc4 52. Reb1 e4 53. Rb3
Ke5 54. g3 g5 55. g4 d3 56. Ke3 Rc2 57. R3b2 Kd5 58. Rxc2 dxc2 59. Rc1 Rxb4 60.
Kd2 Rd4+ 61. Kxc2 Rc4+ 62. Kd2 Rxc1 63. Kxc1 Kd4 64. Kd2 e3+ 65. Ke1 Kd3 66.
Kd1 e2+ 67. Ke1 Ke3 0-1

[Event "DLM 2011"]
[Site "Xanten GER"]
[Date "2011.10.31"]
[Round "2"]
[White "Gordeeva, Vitalia"]
[Black "Sieber, Fiona"]
[Result "1/2-1/2"]
[Termination "normal"]
[Board "1.7"]
[WhiteElo "1715"]
[BlackElo "1720"]
[WhiteTeam "Nordrhein-Westfalen 1"]
[BlackTeam "Niedersachsen"]
[PlyCount "82"]
[WhiteFideId "24688053"]
[BlackFideId "12902373"]
[EventCountry "GER"]
[EventRounds "7"]
[EventType "team-swiss"]
[EventDate "2011.10.30"]

1. d4 Nf6 2. Nf3 e6 3. e3 b6 4. b3 Bb4+ 5. c3 Be7 6. Bb2 Bb7 7. Be2 O-O 8. O-O
d5 9. c4 Nbd7 10. Ne5 Rc8 11. f4 Ne4 12. Nd2 c5 13. Rc1 Ndf6 14. Ndf3 Rc7 15.
a3 dxc4 16. Bxc4 Nd5 17. Qe1 Qe8 18. Bd3 f5 19. Nd2 Ndf6 20. Ndf3 Kh8 21. Ng5
Nxg5 22. fxg5 Ne4 23. h4 Bd8 24. a4 a6 25. Ba3 Rc8 26. a5 Bc7 27. Nf3 Bg3 28.
Qe2 Rf7 29. axb6 cxd4 30. exd4 Rd7 31. Rxc8 Qxc8 32. Rc1 Qb8 33. Bxe4 Bxe4 34.
Qxa6 Rd8 35. Bc5 Bxf3 36. gxf3 Bxh4 37. Qe2 Bxg5 38. Ra1 h6 39. Ra7 Qg3+ 40.
Qg2 Qe1+ 41. Qf1 Qg3+ 1/2-1/2

[Event "DLM 2011"]
[Site "Xanten GER"]
[Date "2011.10.31"]
[Round "2"]
[White "Rätzke von Stoventin, Steffen"]
[Black "Sherif, Amina"]
[Result "1-0"]
[Termination "normal"]
[Board "1.8"]
[WhiteElo "1712"]
[BlackElo "1509"]
[WhiteTeam "Niedersachsen"]
[BlackTeam "Nordrhein-Westfalen 1"]
[PlyCount "101"]
[WhiteFideId "1270499"]
[BlackFideId "12911690"]
[EventCountry "GER"]
[EventRounds "7"]
[EventType "team-swiss"]
[EventDate "2011.10.30"]

1. d4 d5 2. c4 c6 3. Nc3 Nf6 4. Nf3 e6 5. Bg5 Be7 6. e3 Nbd7 7. cxd5 exd5 8.
Bd3 O-O 9. Qc2 Re8 10. O-O Nf8 11. Ne5 h6 12. f4 Be6 13. Bh4 Qc7 14. f5 Bd7 15.
Bxf6 Bxf6 16. Nxd5 Qd6 17. Nxf6+ Qxf6 18. Rf3 Rac8 19. Qb3 b6 20. Bc4 Re7 21.
Ng6 Ree8 22. Raf1 c5 23. Ne5 Re7 24. Rc1 Rc7 25. Bxf7+ Rxf7 26. Qxf7+ Qxf7 27.
Nxf7 Kxf7 28. e4 Bc6 29. d5 Bb7 30. Rfc3 Nd7 31. Kf2 Nf6 32. Kf3 Re7 33. Re3
Ne8 34. Kf4 Nf6 35. Rd1 Ke8 36. h3 Rd7 37. Red3 Kf8 38. Re1 Rd8 39. g4 Kf7 40.
d6 Bc6 41. e5 Nd5+ 42. Kg3 Ke8 43. a3 a6 44. Red1 Kd7 45. Rxd5 Bxd5 46. Rxd5
Kc6 47. Rd2 b5 48. Kf4 a5 49. Ke4 b4 50. axb4 axb4 51. d7 1-0

[Event "DLM 2011"]
[Site "Xanten GER"]
[Date "2011.10.31"]
[Round "2"]
[White "Dann, Matthias"]
[Black "Krassowizkij, Jaroslaw"]
[Result "1/2-1/2"]
[Termination "normal"]
[Board "2.1"]
[WhiteTitle "FM"]
[BlackTitle "FM"]
[WhiteElo "2379"]
[BlackElo "2357"]
[WhiteTeam "Rheinland-Pfalz"]
[BlackTeam "Württemberg"]
[PlyCount "59"]
[WhiteFideId "24638056"]
[BlackFideId "1271703"]
[EventCountry "GER"]
[EventRounds "7"]
[EventType "team-swiss"]
[EventDate "2011.10.30"]

1. c4 Nf6 2. Nc3 g6 3. g3 Bg7 4. Bg2 O-O 5. e4 d6 6. Nge2 c5 7. O-O Nc6 8. d3
Ne8 9. a3 Nc7 10. h3 Rb8 11. f4 Ne6 12. Rb1 a6 13. b4 cxb4 14. axb4 b5 15. cxb5
axb5 16. Be3 Ned4 17. Kh2 Bd7 18. Qd2 e6 19. Nxd4 Nxd4 20. Ne2 Nxe2 21. Qxe2
Bc6 22. d4 d5 23. e5 f5 24. exf6 Qxf6 25. Rfc1 Rfc8 26. Qd2 Bd7 27. Bf1 Bf8 28.
Ra1 Rxc1 29. Rxc1 Qe7 30. Rc5 1/2-1/2

[Event "DLM 2011"]
[Site "Xanten GER"]
[Date "2011.10.31"]
[Round "2"]
[White "Wenninger, Philipp"]
[Black "Carow, Johannes"]
[Result "0-1"]
[Termination "normal"]
[Board "2.2"]
[WhiteElo "2143"]
[BlackElo "2172"]
[WhiteTeam "Württemberg"]
[BlackTeam "Rheinland-Pfalz"]
[PlyCount "72"]
[WhiteFideId "4648404"]
[BlackFideId "24692050"]
[EventCountry "GER"]
[EventRounds "7"]
[EventType "team-swiss"]
[EventDate "2011.10.30"]

1. d4 Nf6 2. Bg5 Ne4 3. Bh4 d5 4. f3 Nf6 5. e4 dxe4 6. Nc3 exf3 7. Nxf3 e6 8.
Bc4 Be7 9. O-O O-O 10. Qe2 Nbd7 11. Rad1 c6 12. Ne5 Nd5 13. Bxd5 Bxh4 14. Nxf7
Rxf7 15. Bxe6 Bf6 16. Ne4 Nf8 17. Nxf6+ gxf6 18. Bxf7+ Kxf7 19. Rd3 Ng6 20. c3
Qd6 21. Rdf3 f5 22. Rh3 Kg8 23. Re1 f4 24. Rh6 Bf5 25. Qh5 Qd7 26. Qg5 Qg7 27.
h4 Rf8 28. Kf2 Bd7 29. Re2 Rf5 30. Qd8+ Nf8 31. Rd6 Qg3+ 32. Kg1 f3 33. Rf2
Qxd6 34. gxf3 Kh8 35. Rg2 Qf6 36. Qc7 Rxf3 0-1

[Event "DLM 2011"]
[Site "Xanten GER"]
[Date "2011.10.31"]
[Round "2"]
[White "Yankelevich, Lev"]
[Black "Kvetny, Mark"]
[Result "1/2-1/2"]
[Termination "normal"]
[Board "2.3"]
[WhiteElo "2072"]
[BlackElo "2125"]
[WhiteTeam "Rheinland-Pfalz"]
[BlackTeam "Württemberg"]
[PlyCount "56"]
[WhiteFideId "24684074"]
[BlackFideId "24603929"]
[EventCountry "GER"]
[EventRounds "7"]
[EventType "team-swiss"]
[EventDate "2011.10.30"]

1. e4 c5 2. Nf3 d6 3. d4 cxd4 4. Nxd4 Nf6 5. Nc3 a6 6. Bc4 e6 7. a4 Be7 8. O-O
Qc7 9. Ba2 Nc6 10. Kh1 Bd7 11. f4 h5 12. f5 Nxd4 13. Qxd4 Qc5 14. Qxc5 dxc5 15.
h3 exf5 16. exf5 O-O 17. Nd5 Bd8 18. Bg5 Nxd5 19. Bxd8 Ne3 20. Rfe1 Nxc2 21.
Be7 Rfe8 22. Rad1 Bxf5 23. Re5 Be6 24. Rxe6 fxe6 25. Bxe6+ Kh8 26. Rd7 b5 27.
Bf7 Rec8 28. Rd5 Rc6 1/2-1/2

[Event "DLM 2011"]
[Site "Xanten GER"]
[Date "2011.10.31"]
[Round "2"]
[White "Gibicar, Danijel"]
[Black "Perske, Thore"]
[Result "1/2-1/2"]
[Termination "normal"]
[Board "2.4"]
[WhiteElo "2061"]
[BlackElo "1909"]
[WhiteTeam "Württemberg"]
[BlackTeam "Rheinland-Pfalz"]
[PlyCount "226"]
[WhiteFideId "24660256"]
[BlackFideId "12902195"]
[EventCountry "GER"]
[EventRounds "7"]
[EventType "team-swiss"]
[EventDate "2011.10.30"]

1. d4 Nf6 2. c4 g6 3. Nc3 Bg7 4. e4 d6 5. f3 O-O 6. Be3 Nc6 7. Nge2 a6 8. Qd2
Rb8 9. Rc1 Bd7 10. Nd1 b5 11. c5 e6 12. g3 Qe7 13. Bg2 Ne8 14. Nf2 f5 15. O-O
Nf6 16. Kh1 Rfd8 17. cxd6 cxd6 18. Rc2 Rdc8 19. Rfc1 Nd8 20. Qa5 Bc6 21. Qd2
Bb7 22. Rxc8 Rxc8 23. Rxc8 Bxc8 24. Qc2 Bb7 25. Nc1 Nc6 26. a3 fxe4 27. fxe4
Nd7 28. e5 d5 29. Ne2 Nb6 30. Nd3 Nc4 31. Bc1 Qf7 32. b3 N4a5 33. Nc5 Bc8 34.
Be3 Bf8 35. Nc1 Bxc5 36. Qxc5 Qe7 37. Qxe7 Nxe7 38. Bf3 Nf5 39. Bf2 Nc6 40. Ne2
b4 41. a4 Na5 42. g4 Ne7 43. Nc1 Kg7 44. Bd1 Nac6 45. Nd3 h6 46. Nc5 a5 47. Be2
Kf7 48. Kg2 Kf8 49. Be3 Kg7 50. Kf3 Ng8 51. Bb5 Nge7 52. Be2 Ng8 53. Bb5 Nge7
54. Nd3 Bb7 55. Ke2 Bc8 56. Nc5 Kh7 57. h4 Kg7 58. Nd3 Bd7 59. Nf4 Bc8 60. Bd3
Kf7 61. Nh3 Kg7 62. Nf4 Kf7 63. Ng2 Kg7 64. Ne1 Bd7 65. Nf3 Be8 66. Ne1 Bd7 67.
Ba6 Nb8 68. Bd3 Nbc6 69. Nf3 Be8 70. Ng1 Bd7 71. Nh3 Bc8 72. Ke1 Bd7 73. Kd2
Be8 74. Ke2 Bd7 75. Bb5 Bc8 76. Kd2 Bd7 77. Kd3 Bc8 78. h5 g5 79. Kd2 Na7 80.
Bd3 Nac6 81. Ke2 Bd7 82. Ng1 Nd8 83. Nf3 Nf7 84. Ne1 Nd8 85. Ba6 Ndc6 86. Nd3
Bc8 87. Bb5 Kf7 88. Nc5 Kg7 89. Nd3 Kf7 90. Ne1 Nb8 91. Bd3 Nbc6 92. Nf3 Bd7
93. Kd2 Kg7 94. Ke1 Be8 95. Kd1 Bf7 96. Kd2 Be8 97. Bb5 Bd7 98. Bf2 Kf7 99. Be3
Kg7 100. Ne1 Kf7 101. Nd3 Kg7 102. Nc5 Bc8 103. Ba6 Bxa6 104. Nxa6 Kf7 105. Nc5
Nb8 106. Nb7 Nbc6 107. Kd3 Nc8 108. Bd2 Ke8 109. Nc5 Kf7 110. Nd7 N8e7 111. Nf6
Ng8 112. Nxg8 Kxg8 113. Be3 Kf7 1/2-1/2

[Event "DLM 2011"]
[Site "Xanten GER"]
[Date "2011.10.31"]
[Round "2"]
[White "Bauer, Björn-Benny"]
[Black "Schäfer, Daniela"]
[Result "1/2-1/2"]
[Termination "normal"]
[Board "2.5"]
[WhiteTitle "Nr6"]
[WhiteElo "1922"]
[BlackElo "1927"]
[WhiteTeam "Rheinland-Pfalz"]
[BlackTeam "Württemberg"]
[PlyCount "209"]
[WhiteFideId "24698741"]
[BlackFideId "4624769"]
[EventCountry "GER"]
[EventRounds "7"]
[EventType "team-swiss"]
[EventDate "2011.10.30"]

1. d4 d6 2. c4 g6 3. g3 Bg7 4. Bg2 Nf6 5. Nc3 O-O 6. e4 e5 7. d5 a5 8. Nge2 Na6
9. O-O Nd7 10. Rb1 Nac5 11. b3 f5 12. f3 Nf6 13. a3 c6 14. b4 axb4 15. axb4 Na6
16. dxc6 bxc6 17. Be3 Be6 18. Qd3 fxe4 19. fxe4 c5 20. Na2 cxb4 21. Nxb4 Nxb4
22. Rxb4 Qc7 23. Bb6 Qc6 24. Nc3 Ra3 25. Rc1 Bh6 26. Rcb1 Nd7 27. Be3 Bxe3+ 28.
Qxe3 Bxc4 29. Rc1 Be6 30. Nd5 Rxe3 31. Ne7+ Kg7 32. Nxc6 Nc5 33. Rd1 Bg4 34.
Rc1 Re2 35. h3 Be6 36. Nxe5 dxe5 37. Rxc5 Re1+ 38. Kh2 Rf2 39. Rxe5 Bf7 40. Re7
Ree2 41. e5 Rxg2+ 42. Kh1 Kf8 43. Rd7 Rh2+ 44. Kg1 Reg2+ 45. Kf1 Rb2 46. Rxb2
Rxb2 47. e6 Bxe6 48. Rxh7 Bf7 49. Rh4 Ke7 50. Re4+ Kd6 51. h4 Be6 52. g4 Rh2
53. h5 gxh5 54. gxh5 Rxh5 55. Kf2 Bd5 56. Rf4 Rh2+ 57. Kg3 Rg2+ 58. Kh3 Rg8 59.
Kh4 Be6 60. Rf2 Ke5 61. Kh5 Bf5 62. Kh4 Kf6 63. Rf4 Rg7 64. Rf3 Ke5 65. Rf2 Be4
66. Kh5 Bd3 67. Kh4 Ke4 68. Rf6 Rg1 69. Kh3 Ke3 70. Rf8 Be4 71. Kh4 Rh1+ 72.
Kg5 Rg1+ 73. Kf6 Rg6+ 74. Ke5 Rg5+ 75. Kf6 Rh5 76. Rb8 Kf4 77. Ke7 Ke5 78. Rb6
Bd5 79. Kd8 Rh7 80. Kc8 Be6+ 81. Kb8 Rh8+ 82. Ka7 Bd5 83. Rb8 Rh7+ 84. Kb6 Rh1
85. Rc8 Rb1+ 86. Ka5 Kd6 87. Rc3 Bc6 88. Rc2 Rb5+ 89. Ka6 Kc7 90. Rc3 Rb4 91.
Ra3 Rb1 92. Ka5 Kb7 93. Rc3 Rb6 94. Rc5 Ra6+ 95. Kb4 Kb6 96. Rg5 Ra4+ 97. Kc3
Rh4 98. Re5 Kc7 99. Rg5 Kd6 100. Kd3 Bd5 101. Ke3 Rh3+ 102. Kd4 Rh4+ 103. Ke3
Re4+ 104. Kd3 Kc5 105. Kc3 1/2-1/2

[Event "DLM 2011"]
[Site "Xanten GER"]
[Date "2011.10.31"]
[Round "2"]
[White "Zeller, Elisa"]
[Black "Schwarz, Larissa"]
[Result "1/2-1/2"]
[Termination "normal"]
[Board "2.6"]
[WhiteElo "1778"]
[BlackElo "1807"]
[WhiteTeam "Württemberg"]
[BlackTeam "Rheinland-Pfalz"]
[PlyCount "126"]
[WhiteFideId "24662410"]
[BlackFideId "24699004"]
[EventCountry "GER"]
[EventRounds "7"]
[EventType "team-swiss"]
[EventDate "2011.10.30"]

1. e4 c5 2. Nf3 e6 3. c4 a6 4. Nc3 Qc7 5. Be2 b6 6. O-O Bb7 7. h3 d6 8. d4 cxd4
9. Nxd4 Nf6 10. Be3 Be7 11. Bd3 O-O 12. Rc1 Nbd7 13. Bb1 Rac8 14. b3 Qb8 15.
Qd2 Bd8 16. Rfd1 Bc7 17. Nde2 Rfd8 18. Nf4 Qa8 19. f3 Ne5 20. Qf2 Nfd7 21. Nd3
Nxd3 22. Bxd3 Bc6 23. b4 Qb8 24. a4 Nf6 25. b5 axb5 26. cxb5 Ba8 27. a5 d5 28.
exd5 exd5 29. Bf5 Bg3 30. Qe2 Rc4 31. Bxb6 Re8 32. Qd3 g6 33. Be4 dxe4 34. Qxc4
exf3 35. gxf3 Bxf3 36. Rd2 Bh2+ 37. Kf1 Bf4 38. Rf2 Bxc1 39. Rxf3 Qe5 40. Ne2
Bg5 41. Bd4 Qe4 42. Qd3 Qe6 43. b6 Ne4 44. Be3 Bxe3 45. Rxe3 Qf5+ 46. Ke1 Qxa5+
47. Kf1 Qf5+ 48. Ke1 Qf2+ 49. Kd1 Nc3+ 50. Kd2 Qxe3+ 51. Qxe3 Rxe3 52. Nxc3 Re8
53. Kd3 Rb8 54. Nd5 Kf8 55. Kc4 Ke8 56. Kc5 Kd8 57. Kc6 f5 58. Nf4 Ke7 59. Kc7
Rf8 60. h4 Kf6 61. b7 Ke5 62. Nd3+ Kd4 63. Nf4 Ke5 1/2-1/2

[Event "DLM 2011"]
[Site "Xanten GER"]
[Date "2011.10.31"]
[Round "2"]
[White "Röhlich, Anna"]
[Black "Rausch, Adrian"]
[Result "0-1"]
[Termination "normal"]
[Board "2.7"]
[WhiteElo "1526"]
[BlackElo "1667"]
[WhiteTeam "Rheinland-Pfalz"]
[BlackTeam "Württemberg"]
[PlyCount "124"]
[BlackFideId "12929069"]
[EventCountry "GER"]
[EventRounds "7"]
[EventType "team-swiss"]
[EventDate "2011.10.30"]

1. e4 c6 2. d4 d5 3. exd5 cxd5 4. Bd3 Nc6 5. c3 g6 6. Bf4 Bg7 7. h3 Nf6 8. Nf3
O-O 9. Nbd2 Re8 10. Ne5 Nh5 11. Bh2 Nxe5 12. dxe5 Bh6 13. O-O Bf4 14. Nf3 Bxh2+
15. Kxh2 Nf4 16. Bc2 Qd7 17. Rh1 b6 18. Nd4 f6 19. Nf3 Ba6 20. Re1 Rad8 21. Qd2
g5 22. exf6 exf6 23. Rxe8+ Rxe8 24. Re1 Re2 25. Rxe2 Bxe2 26. Ng1 Bf1 27. Be4
Qc7 28. Bf3 Nxg2+ 29. Kh1 Nf4 30. Bxd5+ Nxd5 31. Qxd5+ Qf7 32. Qxf7+ Kxf7 33.
Kh2 Ke6 34. Kg3 h5 35. f4 a5 36. fxg5 fxg5 37. Nf3 Kf6 38. Nd4 b5 39. a3 a4 40.
b3 h4+ 41. Kh2 axb3 42. Nxb3 Ke5 43. Nd2 Bd3 44. Kg2 Kf4 45. Kf2 Bf5 46. Kg2
Ke3 47. Nb3 Kd3 48. Nd4 Bd7 49. Kf3 Bxh3 50. Nxb5 Bd7 51. a4 Kc4 52. Nd6+ Kd5
53. Nf7 g4+ 54. Kg2 Bxa4 55. c4+ Ke6 56. Nh6 Bc6+ 57. Kg1 g3 58. Ng4 Kf5 59.
Ne3+ Kf4 60. Nf1 h3 61. c5 g2 62. Nh2 Kg3 0-1

[Event "DLM 2011"]
[Site "Xanten GER"]
[Date "2011.10.31"]
[Round "2"]
[White "Lederer, Leia"]
[Black "Sanati, Charlotte"]
[Result "0-1"]
[Termination "normal"]
[Board "2.8"]
[WhiteElo "1160"]
[BlackElo "1421"]
[WhiteTeam "Württemberg"]
[BlackTeam "Rheinland-Pfalz"]
[PlyCount "84"]
[WhiteFideId "12926353"]
[BlackFideId "12907707"]
[EventCountry "GER"]
[EventRounds "7"]
[EventType "team-swiss"]
[EventDate "2011.10.30"]

1. e4 e6 2. d4 d5 3. e5 c5 4. c3 Nc6 5. Nf3 Qb6 6. Bd3 Bd7 7. O-O cxd4 8. cxd4
Nxd4 9. Nxd4 Qxd4 10. Nc3 Qxe5 11. Re1 Qd6 12. Nb5 Qb6 13. Be3 Qa5 14. Nd4 Nf6
15. Nf5 Bb5 16. Bd2 Qb6 17. Bxb5+ Qxb5 18. a4 Qb6 19. Bg5 Ne4 20. Be3 Qa5 21.
Qb3 b6 22. Nd4 Rc8 23. f3 Nc5 24. Qc2 Qa6 25. Qb1 Nd3 26. Rd1 Nb4 27. Nb5 Nc2
28. Bf4 Nxa1 29. Qxa1 Bc5+ 30. Kh1 O-O 31. b3 Qa5 32. Be5 f6 33. Bc3 Qa6 34. f4
Qb7 35. Rd3 a6 36. Nd4 Bxd4 37. Bxd4 Rc2 38. Rg3 Rfc8 39. Bc3 d4 40. Qe1 Qd5
41. Qd1 R8xc3 42. Rxc3 Qxg2# 0-1

[Event "DLM 2011"]
[Site "Xanten GER"]
[Date "2011.10.31"]
[Round "2"]
[White "Powierski, Emil"]
[Black "Hahn, Markus"]
[Result "1-0"]
[Termination "normal"]
[Board "3.1"]
[WhiteElo "2022"]
[BlackElo "2167"]
[WhiteTeam "Schleswig-Holstein/NDS"]
[BlackTeam "Hessen"]
[PlyCount "63"]
[WhiteFideId "4656199"]
[BlackFideId "24654647"]
[EventCountry "GER"]
[EventRounds "7"]
[EventType "team-swiss"]
[EventDate "2011.10.30"]

1. e4 c5 2. Nf3 e6 3. d4 cxd4 4. Nxd4 a6 5. Bd3 Nf6 6. O-O d6 7. Qe2 Nbd7 8. c4
b6 9. f4 Bb7 10. Nc3 Qc7 11. Kh1 Be7 12. Bd2 O-O 13. f5 e5 14. Nc2 b5 15. cxb5
Nc5 16. bxa6 Rxa6 17. Bxa6 Bxa6 18. Qf3 Bxf1 19. Rxf1 Qb7 20. b4 Ncxe4 21. Bg5
d5 22. Nxe4 Nxe4 23. Bxe7 Qxe7 24. Qd3 Rd8 25. Ne3 Qxb4 26. Nxd5 Qd4 27. Qxd4
exd4 28. Re1 d3 29. Rxe4 d2 30. Rd4 Rb8 31. Nc3 Re8 32. h3 1-0

[Event "DLM 2011"]
[Site "Xanten GER"]
[Date "2011.10.31"]
[Round "2"]
[White "Hahn, Florian"]
[Black "Jacobsen, Henrik"]
[Result "0-1"]
[Termination "normal"]
[Board "3.2"]
[WhiteElo "2028"]
[BlackElo "1983"]
[WhiteTeam "Hessen"]
[BlackTeam "Schleswig-Holstein/NDS"]
[PlyCount "92"]
[WhiteFideId "24659720"]
[BlackFideId "24611123"]
[EventCountry "GER"]
[EventRounds "7"]
[EventType "team-swiss"]
[EventDate "2011.10.30"]

1. d4 Nf6 2. c4 g6 3. g3 Bg7 4. Bg2 O-O 5. Nf3 d6 6. Nc3 Nc6 7. O-O a6 8. d5
Na5 9. Qd3 c5 10. Rb1 b5 11. b3 b4 12. e4 bxc3 13. a3 Nxe4 14. Nh4 Nd2 15. Bxd2
cxd2 16. b4 Nb7 17. Qxd2 cxb4 18. axb4 a5 19. c5 dxc5 20. bxc5 Nxc5 21. Rfc1
Qd6 22. Rb5 Nd7 23. Rc6 Qa3 24. f4 Qa1+ 25. Rc1 Qd4+ 26. Qxd4 Bxd4+ 27. Kh1 Ra7
28. Nf3 Bb6 29. Bh3 f5 30. Ng5 Ba6 31. Rbb1 Bd3 32. Rb3 Be3 33. Rcc3 Nc5 34.
Rxd3 Nxd3 35. Rxd3 a4 36. Ra3 Bc1 37. Ra2 Rb8 38. Bf1 h6 39. Nf3 a3 40. Bc4 Rb4
41. Ne5 Raa4 42. d6+ Rxc4 43. Nxc4 Rxc4 44. d7 Rd4 45. Rc2 Rxd7 46. Rxc1 Rd2
0-1